Economic Transformations in East and Central Europe Legacies from the Past and Policies for the Future

Uložené v:
Podrobná bibliografia
Ďalší autori: Good, David F.
Médium: Kniha
Jazyk:English
Vydavateľské údaje: London Routledge 1994
Vydanie:1. ed.
Predmet:
Tagy: Pridať tag
Žiadne tagy, Buďte prvý, kto otaguje tento záznam!

MARC

LEADER 00000nam a2200000 4500
001 c013049
005 20221205140436.4
020 |a 0-415-11266-4 
041 0 |a eng 
044 |a GB 
245 1 0 |a Economic Transformations in East and Central Europe  |b Legacies from the Past and Policies for the Future  |c Edit. David F. Good 
250 |a 1. ed. 
264 1 |a London  |b Routledge  |c 1994 
300 |a 301 s. 
610 2 0 |a politika hospodárska 
610 2 0 |a situácia hospodárska 
610 2 0 |a transformácia 
610 2 0 |a východná Európa 
610 2 0 |a stredná Európa 
610 2 0 |a vývoj hospodársky 
610 2 0 |a vývoj štruktúry hospodárskej 
700 1 |a Good, David F.